| 000 | 00878nam a22002177a 4500 | ||
|---|---|---|---|
| 999 |
_c18756 _d18756 |
||
| 003 | AR-CdUCM | ||
| 008 | 190515b ||||| |||| 00| 0 spa d | ||
| 040 |
_aMUNICIPALIDAD PROVINCIAL DEL CUSCO _cBIBLIOTECA MUNICIPAL DEL CUSCO |
||
| 082 |
_23ed. _a349.8 / _bOT88 |
||
| 100 |
_aOts Capdequí, J. M. _939539 |
||
| 245 | _aEl Estado español en las Indias / | ||
| 260 |
_aMéxico : _bFondo de Cultura Económica, _c1957. |
||
| 300 |
_a202 páginas ; _c22 cm. |
||
| 440 |
_aSección de Obras de Historia. _98210 |
||
| 505 | _aContenido: Bases jurídicas de la colonización Española en América -- Las instituciones sociales -- Las instituciones económicas -- Gobierno y administración -- Las instituciones del derecho privado. | ||
| 650 |
_aDerecho indiano _97552 |
||
| 650 |
_aEspaña _9176 |
||
| 650 |
_aAmérica _91348 |
||
| 942 |
_2ddc _cLIBROS |
||
| 945 |
_aachl _d2019-05-15 |
||